Yes to God (Record no. 17574)
[ view plain ]
| 000 -LEADER | |
|---|---|
| fixed length control field | 00548nam a2200229 a 4500 |
| 020 ## - INTERNATIONAL STANDARD BOOK NUMBER | |
| ISBN | 023251299X |
| 082 00 - DEWEY DECIMAL CLASSIFICATION NUMBER | |
| Classification number | 230 |
| Author Cutter | ECC |
| 100 ## - MAIN ENTRY--AUTHOR NAME | |
| Author name | Ecclestone, Alan |
| 245 ## - TITLE STATEMENT | |
| Title | Yes to God |
| 260 ## - PUBLICATION, DISTRIBUTION, ETC. (IMPRINT) | |
| Place of publication | London |
| Name of publisher | Darton, Longman & Todd |
| Year of publication | 1975 |
| 300 ## - PHYSICAL DESCRIPTION | |
| Number of Pages | 133p |
| 500 ## - GENERAL NOTE | |
| General note | includes index and biblioraphy |
| 650 ## - SUBJECT ADDED ENTRY--TOPICAL TERM | |
| Topical Term | Theology |
| 942 ## - ADDED ENTRY ELEMENTS (KOHA) | |
| Koha item type | Books |
| 700 1# - | |
| -- | Ecclestone, Alan |
| Collection code | Home library | Current library | Date acquired | Cost, normal purchase price | Full call number | Accession Number | Koha item type |
|---|---|---|---|---|---|---|---|
| Henry Martyn Institute Library | Henry Martyn Institute Library | 09/23/2010 | 150.00 | 230 ECC | 11002228 | Books |
